00366nam a2200121 a 4500008004100000050001500041100002200056245002500078246004400103260005900147300002900206350000900235120416s1975 ||||||||||||||||| || u aRA 967 Cal aCalderhead, James10aHospitals for people aa look at some new buildings in England aLondonbKing Edward's Hospital Fund for Departmec1975 a63 pages : illustrations a0.00